El Ateneo Científico, Artístico y Literario de Madrid / (Record no. 190507)
[ view plain ]
| 000 -LEADER | |
|---|---|
| campo de control de longitud fija | 01533nam a2200313 i 4500 |
| 001 - NÚMERO DE CONTROL | |
| campo de control | 190507 |
| 003 - IDENTIFICADOR DE NÚMERO DE CONTROL | |
| campo de control | ES-MaACL |
| 005 - FECHA Y HORA DE LA ÚLTIMA TRANSACCIÓN | |
| campo de control | 20250804105439.0 |
| 008 - DATOS DE LONGITUD FIJA--INFORMACIÓN GENERAL | |
| campo de control de longitud fija | 210421s2003 sp a 000 0 spa d |
| 245 03 - MENCIÓN DEL TÍTULO | |
| Título | El Ateneo Científico, Artístico y Literario de Madrid / |
| Mención de responsabilidad, etc. | coordinado por Olga López, José Manuel López y Esteban Orive. |
| 260 ## - PUBLICACIÓN, DISTRIBUCIÓN, ETC. | |
| Lugar de publicación, distribución, etc. | [Madrid : |
| Nombre del editor, distribuidor, etc. | Revista Cálamo FASPE, |
| Fecha de publicación, distribución, etc. | 2003] |
| 300 ## - DESCRIPCIÓN FÍSICA | |
| Extensión | [20] p. : |
| Otras características físicas | il. ; |
| Dimensiones | 30 cm. |
| 505 8# - NOTA DE CONTENIDO CON FORMATO | |
| Nota de contenido con formato | Contiene: El Ateneo de Madrid, una perspectiva / José Siles Artés. Ateneo de Madrid: "una casa con pedigrí" / Ignacio Amestoy. La Biblioteca del Ateneo de Madrid / Luis Español Bouché. El Ateneo del siglo XXI: la nueva imagen del Ateneo. Entrevista a José Luis Abellán, presidente del Ateneo / José Manuel López Sánchez-Caballero y Esteban Orive Castro |
| 600 14 - PUNTO DE ACCESO ADICIONAL DE MATERIA--NOMBRE DE PERSONA | |
| Nombre de persona | Abellán, José Luis, |
| Fechas asociadas al nombre | 1933-2023 |
| 9 (RLIN) | 176509 |
| 610 24 - PUNTO DE ACCESO ADICIONAL DE MATERIA--NOMBRE DE ENTIDAD CORPORATIVA | |
| Nombre de entidad corporativa o nombre de jurisdicción como elemento de entrada | Ateneo de Madrid- |
| Subdivisión de forma | Historia |
| 9 (RLIN) | 1925 |
| 610 24 - PUNTO DE ACCESO ADICIONAL DE MATERIA--NOMBRE DE ENTIDAD CORPORATIVA | |
| Nombre de entidad corporativa o nombre de jurisdicción como elemento de entrada | Ateneo de Madrid. |
| Unidad subordinada | Biblioteca |
| 9 (RLIN) | 1951 |
| 700 1# - ENTRADA AGREGADA--NOMBRE PERSONAL | |
| Nombre de persona | López González, Olga. |
| 9 (RLIN) | 149758 |
| 700 1# - ENTRADA AGREGADA--NOMBRE PERSONAL | |
| Nombre de persona | López Sánchez-Caballero, José Manuel. |
| 9 (RLIN) | 171378 |
| 700 1# - ENTRADA AGREGADA--NOMBRE PERSONAL | |
| Nombre de persona | Orive Castro, Esteban. |
| 9 (RLIN) | 171379 |
| 700 1# - ENTRADA AGREGADA--NOMBRE PERSONAL | |
| Nombre de persona | Siles Artés, José, |
| Fechas asociadas al nombre | 1930- |
| 9 (RLIN) | 106341 |
| 700 1# - ENTRADA AGREGADA--NOMBRE PERSONAL | |
| Nombre de persona | Amestoy Eguiguren, Ignacio, |
| Fechas asociadas al nombre | 1947- |
| 9 (RLIN) | 21210 |
| 700 1# - ENTRADA AGREGADA--NOMBRE PERSONAL | |
| Nombre de persona | Español Bouché, Luis, |
| Fechas asociadas al nombre | 1964- |
| 9 (RLIN) | 47768 |
| 740 32 - ENTRADA AGREGADA--TÍTULO RELACIONADO/ANALÍTICO NO CONTROLADO | |
| Título relacionado o analítico no controlado | El Ateneo de Madrid, una perspectiva. |
| 740 02 - ENTRADA AGREGADA--TÍTULO RELACIONADO/ANALÍTICO NO CONTROLADO | |
| Título relacionado o analítico no controlado | Ateneo de Madrid: "una casa con pedigrí" |
| 740 32 - ENTRADA AGREGADA--TÍTULO RELACIONADO/ANALÍTICO NO CONTROLADO | |
| Título relacionado o analítico no controlado | La Biblioteca del Ateneo de Madrid. |
| 852 4# - LOCALIZACIÓN | |
| Ubicación | ES-MaACL |
| Número de control de estantería | 2342-F-30 |
| 942 ## - ELEMENTOS DE ENTRADA SECUNDARIOS (KOHA) | |
| Fuente del sistema de clasificación o colocación | Clasificación decimal universal |
| Estatus retirado | Estado de pérdida | Estado de daño | No para préstamo | Colección | Biblioteca de origen | Biblioteca actual | Ubicación en estantería | Fecha de adquisición | Fuente de adquisición | Total de préstamos | Signatura topográfica completa | Código de barras | Visto por última vez | Precio de reemplazo | Tipo de ítem Koha |
|---|---|---|---|---|---|---|---|---|---|---|---|---|---|---|---|
| Colección de folletos | Biblioteca del Ateneo de Madrid | Biblioteca del Ateneo de Madrid | Depósito folletos | 21/04/2021 | 2342-F-30 | 1202549 | 23/02/2023 | 23/02/2023 | Folleto |
